Central Library OPAC University of Rajshahi

V.I. Lenin : (Record no. 28561)

MARC details
000 -LEADER
fixed length control field 00770nam a22002411 4500
001 - CONTROL NUMBER
control field 28561
003 - CONTROL NUMBER IDENTIFIER
rucl marc code BD-RjUL
005 - DATE AND TIME OF LATEST TRANSACTION
control field 20211209051311.0
008 - FIXED-LENGTH DATA ELEMENTS--GENERAL INFORMATION
fixed length control field 140331s1969 ru acfh 000 0beng
035 ## - SYSTEM CONTROL NUMBER
System control number (BD-RjUL)28642
040 ## - CATALOGING SOURCE
Original cataloging agency DLC
Transcribing agency DLC
Modifying agency DLC
-- BD-RjUL
Language of cataloging eng
041 1# - LANGUAGE CODE
Language code of text/sound track or separate title engrus
082 00 - DEWEY DECIMAL CLASSIFICATION NUMBER
Classification number 947.08410924
Author mark and year VIL 1969
245 00 - TITLE STATEMENT
Title V.I. Lenin :
Remainder of title a short biography /
Statement of responsibility, etc. Prepared by the Institute of Marxism-Leninism. Translated from the Russian by Bernard Isaacs.
250 ## - EDITION STATEMENT
Edition statement 4d rev. and enl. ed.
260 ## - PUBLICATION, DISTRIBUTION, ETC. (IMPRINT)
Place of publication, distribution, etc. Moscow :
Name of publisher, distributor, etc. Progress,
Date of publication, distribution, etc. 1969.
300 ## - PHYSICAL DESCRIPTION
Pagination 215 p. :
Illustrations ill., facsim., plates, ports. ;
Size 20 cm.
350 ## - PRICE (NR) (BK AM CF MU VM SE) [OBSOLETE]
Price 0.46
600 10 - SUBJECT ADDED ENTRY--PERSONAL NAME
Personal name Lenin, Vladimir Ilʹich,
Dates associated with a name 1870-1924.
942 ## - ADDED ENTRY ELEMENTS (KOHA)
Source of classification or shelving scheme Dewey Decimal Classification
Koha item type Books
Holdings
Lost status Source of classification or shelving scheme Damaged status Not for loan Collection code Permanent Location Current Location Shelving location Date acquired Source of acquisition Total Checkouts Full call number Date last seen Copy number Koha item type
  Dewey Decimal Classification   Added to bundle Non-fiction Central Library, University of Rajshahi Central Library, University of Rajshahi Reading Room 25/03/1982 Register office, RU   947.08410924 VIL 1969 31/03/2014 C-1 Books